| 000 | 01122aam a2200289 i 4500 | ||
|---|---|---|---|
| 001 | 768714001 | ||
| 003 | CO-MdFUSB | ||
| 005 | 20251015141939.0 | ||
| 007 | ta | ||
| 008 | 251015t1963 -us |||| |||| 00| 0 spa d | ||
| 040 | _cCO-MdFUSB | ||
| 041 | 0 | _aspa | |
| 082 | 0 | 4 |
_223 _a251.03 _bP4379 |
| 100 | 1 |
_aPereyra Suárez, Héctor _eautor |
|
| 245 | 1 | 0 |
_aHacia la elocuencia _c/ Héctor Pereyra Suarez |
| 264 | 1 |
_bVerdad, _aBuenos Aires, Argentina : _c[1963] |
|
| 264 | 4 | _c©1963 | |
| 300 | _a294 páginas | ||
| 336 |
_atexto _btxt _2rdacontent |
||
| 337 |
_2rdamedia _asin mediación _bn |
||
| 338 |
_2rdacarrier _avolumen _bnc |
||
| 505 | _aEstudie la anatomía del discurso -- cómo preparar discursos originales -- ¿cómo debe usted decir lo que dice? -- su voz, su personalidad y su discurso -- La oratoria de la enseñanza -- Principales formas de oratoria -- Sea interesante en sus conversaciones -- cómo vencer el temor oratorio -- El predicador como instrumento de la divinidad -- qué es y qué no es un sermón. | ||
| 563 | _aRústico | ||
| 650 | 0 |
_aPredicación _954 |
|
| 942 | _cBK | ||
| 945 | _aJTF-925 | ||
| 999 |
_c40142 _d40142 |
||